WCW - Kevin Nash's PPV Opponents - Statistics

General Stats
  • This quiz has been taken 219 times
  • The average score is 66 of 79
Answer Stats
Year Event Match Type Answer % Correct
1996 Halloween Havoc Tag Team Match Booker T
98%
1996 Bash at the Beach 6-Man Tag Team Match Lex Luger
98%
1996 Hog Wild Tag Team Match Lex Luger
98%
1996 Fall Brawl 4 vs 4 WarGames Match Lex Luger
98%
1997 SuperBrawl VII Tag Team Match Lex Luger
98%
1997 Uncensored 4 vs 4 vs 3 Triangle Handicap Elimination Match Lex Luger
98%
1996 Bash at the Beach 6-Man Tag Team Match Sting
97%
1996 Hog Wild Tag Team Match Sting
97%
1996 Fall Brawl 4 vs 4 WarGames Match Sting
97%
1998 Slamboree Tag Team Match Sting
97%
1999 Road Wild Retirement Match Hulk Hogan
96%
1996 Fall Brawl 4 vs 4 WarGames Match Ric Flair
95%
1997 Slamboree 6-Man Tag Team Match Ric Flair
95%
1997 The Great American Bash Tag Team Match Ric Flair
95%
1997 Fall Brawl 4 vs 4 WarGames Match Ric Flair
95%
1998 Starrcade No DQ Match Goldberg
94%
1999 Spring Stampede Goldberg
94%
2000 Bash at the Beach Goldberg
94%
2000 New Blood Rising Triple Threat Match Goldberg
94%
1998 Fall Brawl 3 vs. 3 vs. 3 WarGames Match Hollywood Hogan
94%
1996 Bash at the Beach 6-Man Tag Team Match Randy Savage
93%
1999 The Great American Bash Randy Savage
93%
1999 Bash at the Beach Tag Team Match Randy Savage
93%
1996 Halloween Havoc Tag Team Match Stevie Ray
93%
1997 Souled Out Tag Team Match Rick Steiner
92%
1997 Spring Stampede Singles Match for the Tag Team Championship Rick Steiner
92%
1997 Road Wild Tag Team Match Rick Steiner
92%
1998 SuperBrawl VIII Tag Team Match Rick Steiner
92%
1997 Souled Out Tag Team Match Scott Steiner
92%
1997 Uncensored 4 vs 4 vs 3 Triangle Handicap Elimination Match Scott Steiner
92%
1997 Road Wild Tag Team Match Scott Steiner
92%
1998 SuperBrawl VIII Tag Team Match Scott Steiner
92%
2000 New Blood Rising Triple Threat Match Scott Steiner
92%
2001 SuperBrawl Revenge 2 out of 3 Falls Retirement Match Scott Steiner
92%
1998 Fall Brawl 3 vs. 3 vs. 3 WarGames Match Diamond Dallas Page
91%
1999 Slamboree Diamond Dallas Page
91%
2000 Fall Brawl Steel Cage Match Booker T
90%
1997 Uncensored 4 vs 4 vs 3 Triangle Handicap Elimination Match Chris Benoit
90%
1997 Fall Brawl 4 vs 4 WarGames Match Chris Benoit
90%
1999 SuperBrawl IX Tag Team Hair vs. Mask Match Rey Misterio Jr.
89%
1999 Uncensored Rey Misterio Jr.
89%
1998 Halloween Havoc Scott Hall
88%
1998 Fall Brawl 3 vs. 3 vs. 3 WarGames Match Stevie Ray
88%
1997 SuperBrawl VII Tag Team Match The Giant
88%
1997 Uncensored 4 vs 4 vs 3 Triangle Handicap Elimination Match The Giant
88%
1998 Souled Out The Giant
88%
1998 Uncensored The Giant
88%
1998 Spring Stampede Baseball Bat on a Pole Tag Team Match The Giant
88%
1998 Slamboree Tag Team Match The Giant
88%
1996 Fall Brawl 4 vs 4 WarGames Match Arn Anderson
86%
1997 Uncensored 4 vs 4 vs 3 Triangle Handicap Elimination Match Jeff Jarrett
86%
2000 The Great American Bash Jeff Jarrett
86%
1999 Bash at the Beach Tag Team Match Sid Vicious
85%
1999 Starrcade Powerbomb Match Sid Vicious
85%
1998 Fall Brawl 3 vs. 3 vs. 3 WarGames Match Bret Hart
84%
1997 Uncensored 4 vs 4 vs 3 Triangle Handicap Elimination Match Roddy Piper
82%
1997 Slamboree 6-Man Tag Team Match Roddy Piper
82%
1997 The Great American Bash Tag Team Match Roddy Piper
82%
1998 Spring Stampede Baseball Bat on a Pole Tag Team Match Roddy Piper
82%
1998 Fall Brawl 3 vs. 3 vs. 3 WarGames Match Roddy Piper
82%
1999 SuperBrawl IX Tag Team Hair vs. Mask Match Konnan
79%
1997 Uncensored 4 vs 4 vs 3 Triangle Handicap Elimination Match Steve McMichael
70%
1997 Fall Brawl 4 vs 4 WarGames Match Steve McMichael
70%
1998 Fall Brawl 3 vs. 3 vs. 3 WarGames Match The Warrior
70%
1997 Fall Brawl 4 vs 4 WarGames Match Curt Hennig
66%
1996 World War 3 Three-Team Match Brian Knobbs
57%
1996 World War 3 Three-Team Match Jerry Sags
57%
1996 World War 3 Three-Team Match Meng
57%
1996 Starrcade Tag Team Match Meng
57%
2000 Mayhem Tag Team Match Chuck Palumbo
56%
2000 Starrcade Tag Team Match Chuck Palumbo
56%
2001 Sin Tag Team Match Chuck Palumbo
56%
2001 Sin Tag Team Match Sean O'Haire
54%
1996 World War 3 Three-Team Match The Barbarian
53%
1996 Starrcade Tag Team Match The Barbarian
53%
2000 Mayhem Tag Team Match Shawn Stasiak
51%
2000 Starrcade Tag Team Match Shawn Stasiak
51%
2000 Souled Out Hardcore Match to determine WCW Commissioner Terry Funk
48%
1997 Slamboree 6-Man Tag Team Match Kevin Greene
46%
No matching quizzes found
Score Distribution
Percent of People with Each Score
Percentile by Number Answered
Your Score History
You have not taken this quiz